| 000 | 00330nam a22001337a 4500 | ||
|---|---|---|---|
| 999 |
_c14820 _d14820 |
||
| 020 | _a9788186099704 | ||
| 082 |
_a630 _bARU/FU |
||
| 100 |
_aArun Katyayan _92040 |
||
| 245 | _aFundamentals of agriculture, Vol.1 | ||
| 250 | _a6th | ||
| 260 |
_aVaranasi _bKushal Publications and Distributors _c2017 |
||
| 300 | _a476p. | ||
| 942 | _cBK | ||